Pick the Anagram: Fortune 100 Quiz Stats

 Plays Quiz not verified by Sporcle

Support Sporcle.
Go Orange.
Score 0/9 Timer 05:00
0 Plays Today
% Correct
EIZPRF
84.3%
LEDL
83.9%
OZAANM
71%
EGOKRR
70.7%
ATLARMW
70.4%
TALDE
70.4%
EGOBNI
68.5%
OSSCY
58.4%
FTEELMI
52.5%

You're not logged in!

Compare scores with friends on all Sporcle quizzes.
OR
Log In

From the Vault

Which Country: European Landmarks IV

by alvir28

Today we're just celebrating the continent's most epic castles.
Remove Ads.
Support Sporcle.
Get the best of Sporcle when you Go Orange. This ad-free experience offers more features, more stats, and more fun while also helping to support Sporcle. Thank you for becoming a member.

Show Comments

Extras

Top Quizzes Today


Score Distribution

Your Account Isn't Verified!

In order to create a playlist on Sporcle, you need to verify the email address you used during registration. Go to your Sporcle Settings to finish the process.

Report this User

Report this user for behavior that violates our Community Guidelines.

Details: